000
00234nam a2200109Ia 4500
008
190216s9999||||xx |||||||||||||| ||und||
100
_a
Vanisseri M
245
0
_a
Manushyan
260
_b
Nbs Kottayam
650
_a
Padanam
942
_c
BK
999
_c
24581
_d
24581